The constitution of Ngonde (Record no. 38481)

MARC details
000 -LEADER
fixed length control field 00665nam a2200169 a 4500
008 - FIXED-LENGTH DATA ELEMENTS--GENERAL INFORMATION
fixed length control field 061114s1939 ||||||||||||||||| || u
050 ## - LIBRARY OF CONGRESS CALL NUMBER
Classification number UNZA-IAS(08)RLP/3
100 ## - MAIN ENTRY--PERSONAL NAME
Personal name Wilson, Godfrey
245 14 - TITLE STATEMENT
Title The constitution of Ngonde
Statement of responsibility, etc. By Godfrey Wilson
260 ## - PUBLICATION, DISTRIBUTION, ETC.
Place of publication, distribution, etc. Manchester
Name of publisher, distributor, etc. Manchester University
Date of publication, distribution, etc. 1939
350 ## - PRICE (NR) (BK AM CF MU VM SE) [OBSOLETE]
Price 0.00
490 ## - SERIES STATEMENT
Series statement The Rhodes-Livingstone Papers
650 ## - SUBJECT ADDED ENTRY--TOPICAL TERM
Topical term or geographic name entry element Ngonde(African people)
650 #0 - SUBJECT ADDED ENTRY--TOPICAL TERM
Topical term or geographic name entry element SOCIOLOGY
710 ## - ADDED ENTRY--CORPORATE NAME
Corporate name or jurisdiction name as entry element University of Zambia. Institute for African Studies
995 ## - RECOMMENDATION 995 [LOCAL, UNIMARC FRANCE]
-- 0.00
-- CBU-MAIN LIBRARY (Kitwe)
-- 1
-- 0.00
-- 3
-- AVAILABLE
-- Nov 14, 2006
-- University Collection
Holdings
Withdrawn status Lost status Source of classification or shelving scheme Damaged status Not for loan Home library Current library Shelving location Date acquired Total Checkouts Full call number Barcode Date last seen Price effective from Koha item type
          CBU-MAIN LIBRARY, KITWE. CBU-MAIN LIBRARY, KITWE.   11/30/2022   UNZA-IAS(08)RLP/3 Z03001383 11/30/2022 11/30/2022 MONOGRAPH